banner-ar

The royal gold of ancient Egypt / (Record no. 60664)

MARC details
000 -الفاتح
حقل البيانات ثابتة الطول 00572nam a22001937a 4500
005 - وقت وتاريخ اخر تعامل مع التسجيلة
رقم الضبط 20240530110421.0
008 - عناصر البيانات ثابتة الطول - معلومات عامة
حقل البيانات ثابتة الطول 150311s2000 uk ao f 001 0 eng d
020 ## - الرقم الدولى المعيارى للكتب
الرقم الدولى المعيارى للكتاب 1860645275
040 ## - مصدر الفهرسة
وكالة الفهرسة الأصلية EG-CaGPL
وكالة النسخ EG-CaGPL
082 04 - رقم تصنيف ديوى العشرى
رقم الطبعة 21
رقم التصنيف 932
رقم المادة CC/M R
245 04 - بيان العنوان
العنوان The royal gold of ancient Egypt /
بيان المسئوليه,etc Hans Wolfgang Müller, Eberhard Thiem ; [traduzione di] Pierre Imhoff
260 ## - PUBLICATION, DISTRIBUTION, ETC. (IMPRINT)
تاريخ النشر أو التوزيع 1999
300 ## - الوصف المادى
التعداد 256 p. :
تفاصيل ماديه اخرى للوعاء ill. ;
أبعاد الوعاء 33 cm.
650 #0 - المدخل الاضافى بالموضوع-مصطلح موضوعى
مصطلح موضوعي ancient egypt
700 1# - المدخل الاضافى - اسم شخصى
الإسم الشخصى Thiem, Eberhard
700 1# - المدخل الاضافى - اسم شخصى
الإسم الشخصى Imhoff, Pierre
942 ## - عناصر المدخل الإضافي( كوها)
مصدر التصنيف او مخطط الترفيف Dewey Decimal Classification
Koha [default] item type كتاب
260 ## - PUBLICATION, DISTRIBUTION, ETC. (IMPRINT)
-- London :
-- I.B. Tauris ;
Holdings
حالة التراجع حالة الفقد مصدر التصنيف او خطة الترفيف حالة تلف ليس للاعارة المكان المؤقت الموقع الحالى تاريخ الاكتساب اجمالي اﻻعارات رقم الطلب الباركود تاريخ اخر مشاهدة تاريخ تفعيل السعر نوع وعاء كوها
    ddc     مكتبة القاهرة الكبرى مكتبة القاهرة الكبرى 03/11/2015   932 CC/M R 159764 03/11/2015 03/11/2015 كتاب

Powered By

EGPV